000 00420nam a2200181Ia 4500
001 1404
005 20260306143726.0
008 260306t2008||||xx |||||||||||||| ||spa||
041 _aESP
082 _a150
_bG79
100 _aGray, Peter
_eAUT
245 0 _aPsicologĂ­a:
_buna nueva perspectiva
260 _c2008
300 _av.s. páginas :
_c27 cm.
650 _aGEN
654 _aCPS
942 _cLIB
_dJUS
_fJUS
_2ddc
_n
999 _c1404
_d1404